Los orígenes del pueblo griego / (Record no. 25182)

MARC details
000 -LEADER
campo de control de longitud fija 01118cam a2200361Mi 4500
001 - NÚMERO DE CONTROL
campo de control 77313
005 - FECHA Y HORA DE LA ÚLTIMA TRANSACCIÓN
campo de control 20230410103743.0
008 - DATOS DE LONGITUD FIJA--INFORMACIÓN GENERAL
campo de control de longitud fija 971120s1997 sp 000 0 spa d
035 ## - NÚMERO DE CONTROL DEL SISTEMA
Número de control de sistema (OCoLC)ocm38007895
040 ## - FUENTE DE CATALOGACIÓN
Centro catalogador/agencia de origen PL#
Lengua de catalogación spa
Centro/agencia transcriptor PL#
Centro/agencia modificador OCL
-- BNM
020 ## - NÚMERO INTERNACIONAL ESTÁNDAR DEL LIBRO
Número Internacional Estándar del Libro 8477385203
020 ## - NÚMERO INTERNACIONAL ESTÁNDAR DEL LIBRO
Número Internacional Estándar del Libro 9788477385202
029 0# - OTRO NÚMERO DE CONTROL DE SISTEMA (OCLC)
Identificador de la biblioteca OCLC PL#
Número de control de sistema 8477385203
035 ## - NÚMERO DE CONTROL DEL SISTEMA
Número de control de sistema (OCoLC)38007895
049 ## - FONDOS LOCALES (OCLC)
Biblioteca depositaria GRAL
050 14 - SIGNATURA TOPOGRÁFICA DE LA BIBLIOTECA DEL CONGRESO
Número de clasificación 319 DF 214
Número de ítem G216o 2000
100 1# - ENTRADA PRINCIPAL--NOMBRE DE PERSONA
Nombre de persona García Iglesias, Luis.
245 14 - MENCIÓN DEL TÍTULO
Título Los orígenes del pueblo griego /
Mención de responsabilidad, etc. Luis García Iglesias.
260 ## - PUBLICACIÓN, DISTRIBUCIÓN, ETC.
Lugar de publicación, distribución, etc. Madrid :
Nombre del editor, distribuidor, etc. Síntesis,
Fecha de publicación, distribución, etc. 2000
300 ## - DESCRIPCIÓN FÍSICA
Extensión 303 p. :
Otras características físicas poco il., map. ;
Dimensiones 22 cm.
440 #0 - MENCIÓN DE SERIE/PUNTO DE ACCESO ADICIONAL--TÍTULO
Título Historia Universal.
Nombre de parte o sección de la obra Antigua ;
Designación de volumen o secuencia 5
504 ## - NOTA DE BIBLIOGRAFÍA, ETC.
Nota de bibliografía, etc. Bibliografía: p. 275-303.
651 #0 - PUNTO DE ACCESO ADICIONAL DE MATERIA--NOMBRE GEOGRÁFICO
Nombre geográfico Greece
Subdivisión general History
Subdivisión cronológica To 146 B.C.
651 #0 - PUNTO DE ACCESO ADICIONAL DE MATERIA--NOMBRE GEOGRÁFICO
Nombre geográfico Greece
Subdivisión general Civilization
Subdivisión cronológica To 146 B.C.
653 ## - TÉRMINO DE INDIZACIÓN--NO CONTROLADO
Término no controlado Grecia
-- Historia
-- Hasta 146 a.C.
653 ## - TÉRMINO DE INDIZACIÓN--NO CONTROLADO
Término no controlado Historia antigua
-- Grecia
-- Hasta 146 a.C.
653 ## - TÉRMINO DE INDIZACIÓN--NO CONTROLADO
Término no controlado Grecia
-- Orígenes.
650 #7 - PUNTO DE ACCESO ADICIONAL DE MATERIA--TÉRMINO DE MATERIA
Término de materia o nombre geográfico como elemento de entrada Civilización griega.
Fuente del encabezamiento o término embne
938 ## -
-- Puvill Libros
-- PUVL
-- 8477385203
-- $18.26
942 ## - ELEMENTOS DE ENTRADA SECUNDARIOS (KOHA)
Fuente del sistema de clasificación o colocación Clasificación de Library of Congress
Tipo de ítem Koha
994 ## -
-- C0
-- DRFGD
946 ## - PROCESAMIENTO DE INFORMACIÓN LOCAL (OCLC)
a MP
Holdings
Estatus retirado Estado de pérdida Fuente del sistema de clasificación o colocación Estado de daño No para préstamo Colección Biblioteca de origen Biblioteca actual Ubicación en estantería Fecha de adquisición Serial enumeration / chronology Signatura topográfica completa Código de barras Visto por última vez Copia número Tipo de ítem Koha
    Clasificación de Library of Congress     Recursos Regionales Biblioteca Juan Bosch Biblioteca Juan Bosch Recursos Regionales (2do. Piso) 10/04/2023 1 319 DF 214 G216o 2000 00000065778 23/10/2018 1